| 000 | 00574nam a2200181 a 4500 | ||
|---|---|---|---|
| 001 | 1034 | ||
| 003 | CDMR | ||
| 005 | 20131121141731.0 | ||
| 008 | 130130s1962||||||||||||||||||||||||||||d | ||
| 040 |
_aCDMR _bcat _cCDMR |
||
| 100 | 1 |
_aHohenberg, John _9816 |
|
| 245 | 1 | 3 |
_aEl periodista profesional _b: guía para el reportero moderno _cJohn Hohenberg ; [versión española de Victorino Pérez]. |
| 260 |
_aMéxico _c1962 _bLetras |
||
| 300 | _a510 p. | ||
| 650 | 0 | 4 |
_92030 _aPeriodisme _xOrientació professional |
| 650 | 0 | 4 |
_94374 _aPeriodisme _xManuals, guies, etc |
| 942 |
_cMON _2udc |
||
| 999 |
_c1034 _d1034 |
||